Můj památník : od křtu k prvnímu svatému přijímání /

Main Author: Benešová, Eva
Other Authors: Šimková, Martina, 1987 prosinec 8.-
Language: Czech
Published: Praha : Ottovo nakladatelství, 2011
Subjects:
Physical Description: [76] s. : barev. il. ; 23 cm
Book
Saved in:
LEADER 02238nam a2200613 a 4500
001 nkc20112237852
003 CZ PrNK
005 20120622160050.0
007 ta
008 111025s2011 xr a b 000 1 cze
015 |a cnb002237852 
020 |a 978-80-7451-123-3  |q (váz.) 
035 |a (OCoLC)768559966 
040 |a ABA001  |b cze 
072 7 |a 27-5  |x Liturgie. Křesťanské umění a symbolika. Duchovní život  |2 Konspekt  |9 5 
072 7 |a 0/9-053.2  |x Literatura pro děti a mládež (naučná)  |2 Konspekt  |9 26 
080 |a 27-558.2  |2 MRF 
080 |a 27-558.3  |2 MRF 
080 |a 27-55-543.8  |2 MRF 
080 |a 272-549  |2 MRF 
080 |a 272-528  |2 MRF 
080 |a 27-1/-9  |2 MRF 
080 |a 27-47  |2 MRF 
080 |a (084.026.6)  |2 MRF 
080 |a (0.053.2)  |2 MRF 
100 1 |a Benešová, Eva  |4 aut 
245 1 0 |a Můj památník :  |b od křtu k prvnímu svatému přijímání /  |c [text Eva Benešová ; ilustrace Martina Dráždilová] 
246 3 0 |a Od křtu k prvnímu svatému přijímání 
260 |a Praha :  |b Ottovo nakladatelství,  |c 2011 
300 |a [76] s. :  |b barev. il. ;  |c 23 cm 
650 0 7 |a křesťanská iniciace  |7 ph526528  |2 czenas 
650 0 7 |a svátost křtu  |7 ph359625  |2 czenas 
650 0 7 |a svátost smíření  |7 ph126314  |2 czenas 
650 0 7 |a eucharistie  |7 ph120027  |2 czenas 
650 0 7 |a katolická liturgie  |7 ph121529  |2 czenas 
650 0 7 |a křesťanské učení  |7 ph122129  |2 czenas 
650 0 7 |a křesťanská výchova  |7 ph122115  |2 czenas 
650 0 9 |a Christian initiation  |2 eczenas 
650 0 9 |a sacrament of baptism  |2 eczenas 
650 0 9 |a sacrament of reconciliation  |2 eczenas 
650 0 9 |a Eucharist  |2 eczenas 
650 0 9 |a Catholic liturgy  |2 eczenas 
650 0 9 |a Christian doctrine  |2 eczenas 
650 0 9 |a Christian education  |2 eczenas 
655 7 |a alba  |7 fd131786  |2 czenas 
655 7 |a publikace pro děti  |7 fd133156  |2 czenas 
655 9 |a albums  |2 eczenas 
655 9 |a children's literature  |2 eczenas 
700 1 |a Šimková, Martina,  |d 1987 prosinec 8.-  |7 pna2012702531  |4 ill 
910 2 |a BOA001  |b 2-1278.423 
990 |a BK 
995 |a 01 
991 |b 201202  |e dn  |g g 
996 6 |b 2610499638  |c 2-1278.423  |l MZK  |r Sklad / do 1 hodiny  |n 0  |p p.v.  |w 001223573  |u 000010  |a 1  |e BOA001  |j MZK50  |s P